| 000 | 00471nam a2200193Ia 4500 | ||
|---|---|---|---|
| 005 | 20240823051650.0 | ||
| 008 | 240823s9999||||xx |||||||||||||| ||und|| | ||
| 020 | _a978-93-8061-838-8 | ||
| 041 | _aENGLISH | ||
| 082 | _A621.3822 Q3 | ||
| 100 | _aPalani S | ||
| 245 | 0 | _aDigital Signal Processing | |
| 250 | _a1st | ||
| 260 |
_c2013 _bAne Books Pv |
||
| 500 | _aYES | ||
| 650 |
_aDigital Signal Processing _bElectronics |
||
| 700 | _a Kaliyarasi D | ||
| 942 | _cBK | ||
| 999 |
_c220101 _d220101 |
||